000 00367nam a22001457a 4500
999 _c15684
_d15684
003 OSt
008 190527b ||||| |||| 00| 0 eng d
020 _a978177542110
082 _a630
_bBAL/PR
100 _aBalasubramaniyan, P.
_94176
245 _aPrinciples and Practices of Agronomy
260 _aJodhpur
_bAGROBIOS (India)
_c2019
300 _a516 p.
942 _cBK